<?xml version="1.0" encoding="UTF-8"?>
<collection xmlns:xsi="http://www.w3.org/2001/XMLSchema-instance" xsi:schemaLocation="http://www.loc.gov/MARC21/slim http://www.loc.gov/standards/marcxml/schema/MARC21slim.xsd" xmlns="http://www.loc.gov/MARC21/slim">
 <record>
  <leader>00000cam a22000003i 4500</leader>
  <controlfield tag="001">UP-1685594773861605639</controlfield>
  <controlfield tag="003">Buklod</controlfield>
  <controlfield tag="005">20250318155417.0</controlfield>
  <controlfield tag="006">j|||||||||||||| | </controlfield>
  <controlfield tag="007">ta</controlfield>
  <controlfield tag="008">250318s2008    ph a    rb   |000 0|eng d</controlfield>
  <datafield tag="020" ind1=" " ind2=" ">
   <subfield code="a">9789712720291</subfield>
  </datafield>
  <datafield tag="035" ind1=" " ind2=" ">
   <subfield code="a">(iLib)UPBAG-00003849005</subfield>
  </datafield>
  <datafield tag="037" ind1=" " ind2=" ">
   <subfield code="a">BC-56223</subfield>
   <subfield code="c">Php400.00</subfield>
  </datafield>
  <datafield tag="037" ind1=" " ind2=" ">
   <subfield code="a">BG-18328</subfield>
   <subfield code="b">Gift- Maria Rosario Felizco</subfield>
  </datafield>
  <datafield tag="040" ind1=" " ind2=" ">
   <subfield code="a">DML</subfield>
   <subfield code="d">BAG</subfield>
   <subfield code="e">rda</subfield>
  </datafield>
  <datafield tag="041" ind1="0" ind2=" ">
   <subfield code="a">eng</subfield>
  </datafield>
  <datafield tag="090" ind1=" " ind2="0">
   <subfield code="a">HS 3325 P6</subfield>
   <subfield code="b">S23 2008</subfield>
  </datafield>
  <datafield tag="245" ind1="0" ind2="0">
   <subfield code="a">SDK</subfield>
   <subfield code="b">militant but groovy</subfield>
   <subfield code="b">stories of Samahang Demokratiko ng Kabataan</subfield>
   <subfield code="c">compiled and edited by Soliman M. Santos Jr. and Paz Verdades M. Santos.</subfield>
  </datafield>
  <datafield tag="264" ind1=" " ind2="1">
   <subfield code="a">Manila</subfield>
   <subfield code="b">Anvil Publishing, Inc.</subfield>
   <subfield code="c">[2008]</subfield>
  </datafield>
  <datafield tag="300" ind1=" " ind2=" ">
   <subfield code="a">xx, 182 pages</subfield>
   <subfield code="b">illustrations</subfield>
   <subfield code="c">22 cm</subfield>
  </datafield>
  <datafield tag="504" ind1=" " ind2=" ">
   <subfield code="a">Includes bibliographical references.</subfield>
  </datafield>
  <datafield tag="505" ind1="0" ind2=" ">
   <subfield code="a">SDK revisited 1 / Ernesto &quot;Popoy&quot; M. Valencia -- SDK revisited 2 / Soliman M. Santos Jr. -- KM's sparring partner / Ernesto &quot;Butch&quot; M. Hilario -- What's SDK got to do with it / Isagani R. Serrano -- Albany / Rolando Peña -- Militant but groovier / Jose &quot;Butch&quot; Y. Dalisay Jr. -- Conjuring the spirit of the SDK of old / Ricco Alejandro M. Santos -- Recollections of an SDK activist / Alex F. Ontong -- Life lessons from the SDK / Jaime R. Regalario -- SDKM / Jerusalino &quot;Jerry&quot; V. Araos -- Magaan ang dating / Romeo &quot;Ome&quot; DLC. Candazo -- Mula SBK tungong SDK, Quiapo hanggang Aklan / Manuel S. Calizo -- LDA becomes SDK in Ateneo / Juan Antonio &quot;Jeepy&quot; A. Perez III -- Not the KM / Ramon L. Fernan III -- Balik-tanaw sa buhay SDK / Jonathan A. De la Cruz -- Katipunan ng mga manunulat ng Pilipinas / Efren R. Abueg -- Gintong Silahis / Behn Cervantes -- Nationalist Businessmen's Association / Jorge V. Sibal -- Tonyhil: his life and times / Ernesto &quot;Butch&quot;  M. Hilario -- Kasamas for the masses / Lynn Polintan-Castilla.</subfield>
  </datafield>
  <datafield tag="610" ind1="2" ind2="0">
   <subfield code="a">Samahang Demokratiko ng Kabataan (Organization)</subfield>
  </datafield>
  <datafield tag="650" ind1=" " ind2="0">
   <subfield code="a">Youth movements</subfield>
   <subfield code="z">Philippines</subfield>
   <subfield code="x">History</subfield>
   <subfield code="y">20th century.</subfield>
  </datafield>
  <datafield tag="650" ind1=" " ind2="0">
   <subfield code="a">Student movements</subfield>
   <subfield code="z">Philippines</subfield>
   <subfield code="x">History</subfield>
   <subfield code="y">20th century.</subfield>
  </datafield>
  <datafield tag="650" ind1=" " ind2="0">
   <subfield code="a">Youth</subfield>
   <subfield code="z">Philippines</subfield>
   <subfield code="x">Political activity</subfield>
   <subfield code="x">History</subfield>
   <subfield code="y">20th century.</subfield>
  </datafield>
  <datafield tag="700" ind1="1" ind2=" ">
   <subfield code="a">Santos, Soliman M., </subfield>
   <subfield code="c">Jr.</subfield>
   <subfield code="e">compiler</subfield>
   <subfield code="e">editor.</subfield>
  </datafield>
  <datafield tag="700" ind1="1" ind2=" ">
   <subfield code="a">Santos, Paz Verdades M.</subfield>
   <subfield code="e">compiler</subfield>
   <subfield code="e">editor.</subfield>
  </datafield>
  <datafield tag="905" ind1=" " ind2=" ">
   <subfield code="a">FI</subfield>
  </datafield>
  <datafield tag="852" ind1="0" ind2=" ">
   <subfield code="a">UPBAG</subfield>
   <subfield code="b">UPBAG-MAIN</subfield>
   <subfield code="h">HS 3325 P6</subfield>
   <subfield code="i">S23 2008</subfield>
  </datafield>
  <datafield tag="942" ind1=" " ind2=" ">
   <subfield code="a">Book</subfield>
  </datafield>
 </record>
</collection>
